<?xml version="1.0" encoding="UTF-8"?>
<record
    xmlns:xsi="http://www.w3.org/2001/XMLSchema-instance"
    xsi:schemaLocation="http://www.loc.gov/MARC21/slim http://www.loc.gov/standards/marcxml/schema/MARC21slim.xsd"
    xmlns="http://www.loc.gov/MARC21/slim">

  <leader>00520nam a2200205Ia 4500</leader>
  <controlfield tag="003">OSt</controlfield>
  <controlfield tag="005">20240926133622.0</controlfield>
  <controlfield tag="008">240126s9999    xx            000 0 und d</controlfield>
  <datafield tag="020" ind1=" " ind2=" ">
    <subfield code="a">9789389991192</subfield>
  </datafield>
  <datafield tag="040" ind1=" " ind2=" ">
    <subfield code="c">0</subfield>
  </datafield>
  <datafield tag="041" ind1=" " ind2=" ">
    <subfield code="a">English</subfield>
  </datafield>
  <datafield tag="082" ind1=" " ind2=" ">
    <subfield code="a">346.03  SIN;13  R</subfield>
  </datafield>
  <datafield tag="100" ind1=" " ind2=" ">
    <subfield code="a">Singh, Avtar. Kaur, Harpreet.</subfield>
  </datafield>
  <datafield tag="245" ind1=" " ind2="0">
    <subfield code="a">Introduction to the law of torts and consumer protection</subfield>
  </datafield>
  <datafield tag="250" ind1=" " ind2=" ">
    <subfield code="a">4rd ed.</subfield>
  </datafield>
  <datafield tag="260" ind1=" " ind2=" ">
    <subfield code="b">Eastern Book Company</subfield>
    <subfield code="a">Lucknow</subfield>
  </datafield>
  <datafield tag="300" ind1=" " ind2=" ">
    <subfield code="a">lxx, 366</subfield>
  </datafield>
  <datafield tag="440" ind1=" " ind2=" ">
    <subfield code="a">NULL</subfield>
  </datafield>
  <datafield tag="942" ind1=" " ind2=" ">
    <subfield code="c">LL</subfield>
    <subfield code="2">ddc</subfield>
  </datafield>
  <datafield tag="999" ind1=" " ind2=" ">
    <subfield code="c">295368</subfield>
    <subfield code="d">295368</subfield>
  </datafield>
  <datafield tag="952" ind1=" " ind2=" ">
    <subfield code="r">2025-12-17 11:41:10</subfield>
    <subfield code="l">3</subfield>
    <subfield code="m">2</subfield>
    <subfield code="o">346.03  SIN;13  R</subfield>
    <subfield code="p">LL2679</subfield>
    <subfield code="h">(12/07/1905)</subfield>
    <subfield code="s">2025-11-17</subfield>
    <subfield code="v">540.00</subfield>
    <subfield code="w">2024-01-26</subfield>
    <subfield code="y">LL</subfield>
    <subfield code="1">0</subfield>
    <subfield code="2">ddc</subfield>
    <subfield code="4">0</subfield>
    <subfield code="7">0</subfield>
    <subfield code="8">LAW</subfield>
    <subfield code="0">0</subfield>
    <subfield code="a">LAW</subfield>
    <subfield code="b">LAW</subfield>
    <subfield code="c">LAW</subfield>
    <subfield code="d">2023-03-09</subfield>
    <subfield code="e">MPP House</subfield>
    <subfield code="g">675.00</subfield>
    <subfield code="E">Law</subfield>
    <subfield code="K">1837</subfield>
    <subfield code="G">RS</subfield>
    <subfield code="F">1</subfield>
    <subfield code="V">20</subfield>
  </datafield>
  <datafield tag="952" ind1=" " ind2=" ">
    <subfield code="r">2025-12-17 11:41:21</subfield>
    <subfield code="l">3</subfield>
    <subfield code="m">4</subfield>
    <subfield code="o">346.03  SIN;14  R1</subfield>
    <subfield code="p">LL2680</subfield>
    <subfield code="h">(12/07/1905)</subfield>
    <subfield code="s">2025-12-06</subfield>
    <subfield code="v">540.00</subfield>
    <subfield code="w">2024-01-26</subfield>
    <subfield code="y">LL</subfield>
    <subfield code="1">0</subfield>
    <subfield code="2">ddc</subfield>
    <subfield code="4">0</subfield>
    <subfield code="7">0</subfield>
    <subfield code="8">LAW</subfield>
    <subfield code="0">0</subfield>
    <subfield code="a">LAW</subfield>
    <subfield code="b">LAW</subfield>
    <subfield code="c">LAW</subfield>
    <subfield code="d">2023-03-09</subfield>
    <subfield code="e">MPP House</subfield>
    <subfield code="g">675.00</subfield>
    <subfield code="E">Law</subfield>
    <subfield code="K">1837</subfield>
    <subfield code="G">RS</subfield>
    <subfield code="F">1</subfield>
    <subfield code="V">20</subfield>
  </datafield>
</record>
